Normal view
MARC view
- Royal Institution of Chartered Surveyors
Entry Corporate Name
001 - CONTROL NUMBER
- control field: 4902
003 - CONTROL NUMBER IDENTIFIER
- control field: SIRSI
005 - DATE AND TIME OF LATEST TRANSACTION
- control field: 20190806150238.0
008 - FIXED-LENGTH DATA ELEMENTS
- fixed length control field: 060314n| aaannaabn |n ana d
040 ## - CATALOGING SOURCE
- Original cataloging agency: OSt
- Transcribing agency: OSt
110 2# - HEADING--CORPORATE NAME
- Corporate name or jurisdiction name as entry element: Royal Institution of Chartered Surveyors
- Subordinate unit: Research
410 ## - SEE FROM TRACING--CORPORATE NAME
- Corporate name or jurisdiction name as entry element: RICS Research
670 ## - SOURCE DATA FOUND
- Source citation: RICS European housing review 2006, 2006